[Event "Aeroflot Open"]
[Site "Moscow RUS"]
[Date "2008.02.20"]
[Round "7"]
[White "Bocharov,D"]
[Black "Frolyanov,D"]
[Result "0-1"]
[WhiteElo "2600"]
[BlackElo "2544"]
[EventDate "2008.02.14"]

1. d4 d5 2. c4 e6 3. Nf3 Nf6 4. Nc3 dxc4 5. Qa4+ c6 6. Qxc4 b5 7. Qd3 Nbd7
8. e4 b4 9. Na4 Bb7 10. Be2 Qa5 11. b3 c5 12. e5 Nd5 13. O-O h6 14. Bd2 Be7
15. Qe4 Nc3 16. Qxb7 Nxe2+ 17. Kh1 Rb8 18. Qe4 Nxd4 19. Nxd4 cxd4 20. Qg4
g6 21. Qxd4 Rd8 22. Rad1 Nxe5 23. Qe4 Nd3 24. Be3 Qd5 25. Qxd5 Rxd5 26. Rd2
O-O 27. Bxa7 Rfd8 28. Bb6 R8d7 29. Be3 Ne5 30. Rxd5 Rxd5 31. h3 h5 32. Rc1
Nd3 33. Rc8+ Kg7 34. Kg1 Bg5 35. Nb6 Rf5 36. Nc4 Bxe3 37. fxe3 Nc1 38. Nd6
Ne2+ 39. Kh2 Rf1 40. Rc4 Rd1 41. Nb5 g5 42. Nd4 Nxd4 43. exd4 Rd2 44. Rxb4
Rxa2 45. Rb5 Kg6 46. Rc5 Rd2 47. Rc4 h4 48. b4 Rb2 49. d5 e5 50. Rc6+ Kf5
51. Rb6 e4 52. Rb7 f6 53. d6 Rd2 54. b5 Rxd6 55. b6 Rd1 56. Rb8 Rb1 57. b7
Kf4 58. Rf8 Rxb7 59. Rxf6+ Ke3 60. Rf5 Rd7 61. Rxg5 Kd2 0-1

[Event "Aeroflot Open"]
[Site "Moscow RUS"]
[Date "2008.02.20"]
[Round "7"]
[White "Feller,S"]
[Black "Laznicka,V"]
[Result "1-0"]
[WhiteElo "2522"]
[BlackElo "2595"]
[EventDate "2008.02.14"]

1. d4 e6 2. c4 b6 3. Nf3 Bb7 4. Bg5 f6 5. Bh4 Ne7 6. e3 g5 7. Bg3 h5 8. h4
g4 9. Nfd2 Nf5 10. Bf4 Nc6 11. Nc3 Nce7 12. Qc2 d6 13. O-O-O Qd7 14. d5
O-O-O 15. dxe6 Qxe6 16. c5 bxc5 17. Qa4 Kb8 18. Nb3 Nc6 19. Bc4 Qc8 20. Nd5
Ne5 21. Bxe5 fxe5 22. Na5 c6 23. Nxb7 Qxb7 24. Rd3 Nd4 25. Ba6 Qd7 26. exd4
Bh6+ 27. Kd1 cxd5 28. Rb3+ Ka8 29. Bb5 1-0

[Event "Aeroflot Open"]
[Site "Moscow RUS"]
[Date "2008.02.20"]
[Round "7"]
[White "Azarov,S"]
[Black "Romanov,E"]
[Result "1-0"]
[WhiteElo "2594"]
[BlackElo "2543"]
[EventDate "2008.02.14"]

1. e4 e5 2. Nf3 Nc6 3. Bb5 Nf6 4. O-O Nxe4 5. d4 Nd6 6. Bxc6 dxc6 7. dxe5
Nf5 8. Qxd8+ Kxd8 9. Nc3 Ne7 10. h3 Ng6 11. Bg5+ Ke8 12. Rad1 Bd7 13. Rd2
Be7 14. Bxe7 Kxe7 15. Nd4 Rhd8 16. f4 h5 17. Ne4 b6 18. b4 a5 19. a3 axb4
20. axb4 h4 21. Re2 c5 22. bxc5 Ra4 23. Rd2 bxc5 24. Nxc5 Rc4 25. Nxd7 Rxd7
26. Nf5+ Kd8 27. Rdf2 Re4 28. Nxg7 Rdd4 29. Nh5 c6 30. Kh2 Rc4 31. Rd1+ Ke7
32. g3 hxg3+ 33. Kxg3 Re3+ 34. Rf3 Rxf3+ 35. Kxf3 Rxc2 36. Ng3 Ra2 37. Nf5+
Ke8 38. Nd6+ Kf8 39. Nf5 Ke8 40. Rd4 c5 41. Rc4 Ra1 42. h4 Rf1+ 43. Kg4 f6
44. e6 Rg1+ 45. Kh5 Ne7 46. Nxe7 Kxe7 47. f5 Kd6 48. Re4 Rg8 49. Kh6 Rc8
50. Kg7 Ke7 51. Rc4 1-0

[Event "Aeroflot Open"]
[Site "Moscow RUS"]
[Date "2008.02.20"]
[Round "7"]
[White "Naiditsch,A"]
[Black "Dyachkov,S"]
[Result "0-1"]
[WhiteElo "2638"]
[BlackElo "2559"]
[EventDate "2008.02.14"]

1. d4 Nf6 2. Nf3 g6 3. Bf4 Bg7 4. e3 O-O 5. Be2 c5 6. O-O b6 7. c4 cxd4 8.
exd4 d5 9. Nc3 Bb7 10. Ne5 Nc6 11. Bf3 Na5 12. b4 Nxc4 13. Nxc4 Rc8 14.
Nxb6 axb6 15. Qb3 Ne4 16. Ne2 e6 17. Rfc1 Qd7 18. a4 Nd6 19. a5 Rxc1+ 20.
Rxc1 Nc4 21. axb6 Qb5 22. Bc7 Nxb6 23. Rc5 Qa4 24. Nc1 Qxb3 25. Nxb3 Na4
26. Rb5 Bc6 27. Ra5 Rc8 28. Bd6 Nc3 29. Bc5 Bb5 30. g3 Bd3 31. h4 h5 32.
Kh2 Nb5 33. Bg2 Bc4 34. Kg1 Rb8 35. Bf1 Bf6 36. Kg2 Kg7 37. Bxc4 dxc4 38.
Nd2 c3 39. Nb3 Rb7 40. Kf3 g5 41. hxg5 Bxg5 42. Ke2 Nc7 43. Kd3 Nd5 44. Ra4
Rb8 45. Na5 Rh8 46. Ra1 h4 47. Rg1 hxg3 48. Rxg3 Kf6 49. Rf3+ Kg6 50. Nc4
Rh1 51. b5 Rd1+ 52. Kc2 Rc1+ 53. Kb3 Rb1+ 54. Kc2 Rxb5 55. Ne5+ Kh5 56.
Rh3+ Bh4 57. Nc4 Kg4 58. Rh2 Bg5 59. Rh7 f6 60. Re7 Rxc5 0-1

[Event "Aeroflot Open"]
[Site "Moscow RUS"]
[Date "2008.02.20"]
[Round "7"]
[White "Khairullin,I"]
[Black "Aleksandrov,A"]
[Result "1/2-1/2"]
[WhiteElo "2544"]
[BlackElo "2618"]
[EventDate "2008.02.14"]

1. e4 e5 2. Nf3 Nc6 3. Bb5 Nf6 4. d3 d6 5. O-O Bd7 6. Re1 Be7 7. c3 O-O 8.
Nbd2 Re8 9. Nf1 Bf8 10. Ng3 h6 11. Ba4 Ne7 12. Bb3 Ng6 13. d4 c6 14. dxe5
dxe5 15. Nf5 Nxe4 16. Nxh6+ gxh6 17. Rxe4 Be6 18. Qxd8 Raxd8 19. Bxe6 Rxe6
20. Re1 c5 21. a4 Red6 22. Kf1 Bg7 23. g4 Rd3 24. Kg2 R8d6 25. h3 b6 26. a5
b5 27. a6 Re6 28. Be3 Bf8 29. Ra5 e4 30. Nd2 f5 31. gxf5 Nh4+ 32. Kf1 Nxf5
33. Nb3 Nxe3+ 34. Rxe3 Rxe3 35. fxe3 Rb6 36. Nd2 Kf7 37. Nxe4 Ke6 38. Ke2
Kd5 39. Nd2 Bg7 40. e4+ 1/2-1/2

[Event "Aeroflot Open"]
[Site "Moscow RUS"]
[Date "2008.02.20"]
[Round "7"]
[White "Iordachescu,V"]
[Black "Melkumyan,H"]
[Result "1-0"]
[WhiteElo "2586"]
[BlackElo "2485"]
[EventDate "2008.02.14"]

1. e4 e5 2. Nf3 Nc6 3. Bb5 a6 4. Ba4 Nf6 5. O-O Be7 6. Re1 b5 7. Bb3 d6 8.
c3 O-O 9. h3 Na5 10. Bc2 c5 11. d4 Qc7 12. Nbd2 cxd4 13. cxd4 Nc6 14. a3
exd4 15. Nb3 Bb7 16. Nbxd4 Nxd4 17. Nxd4 Rfe8 18. Bf4 Bf8 19. Rc1 Qb6 20.
Be3 Qd8 21. Bg5 h6 22. Bh4 g5 23. Bg3 Bxe4 24. Bb3 Rc8 25. h4 Bg6 26. Qf3
g4 27. Qf4 Rxc1 28. Rxc1 Re4 29. Qd2 Qb6 30. Ne2 Re8 31. Nf4 Be4 32. Re1
Bc6 33. Rxe8 Bxe8 34. Ng6 Bg7 35. Ne7+ Kh8 36. Nf5 Ne4 37. Qe2 Qc6 38. Qxg4
Bf8 39. Bf4 d5 40. Be3 Qe6 41. Bd4+ Kh7 42. f3 Nf6 43. Qf4 Nh5 44. Qd2 Kg8
45. Bc2 f6 46. Kf2 Qc6 47. Bd3 Qc7 48. Nxh6+ Kh8 49. Qg5 Bg7 50. Qe3 Bg6
51. Bxg6 Qg3+ 52. Kg1 Qxg6 53. Ng4 Ng3 54. Qe6 Nh5 55. Kh2 Nf4 56. Qd6 Ne2
57. Bxf6 d4 58. Bxg7+ Qxg7 59. h5 d3 60. Qd8+ Qg8 61. Qxd3 Qb8+ 62. Kh1
Ng3+ 63. Kg1 Qb6+ 64. Qe3 1-0

[Event "Aeroflot Open"]
[Site "Moscow RUS"]
[Date "2008.02.20"]
[Round "7"]
[White "Zhigalko,A"]
[Black "Meier,Geo"]
[Result "1-0"]
[WhiteElo "2556"]
[BlackElo "2570"]
[EventDate "2008.02.14"]

1. d4 e6 2. c4 Nf6 3. Nc3 Bb4 4. e3 c5 5. Nge2 cxd4 6. exd4 d5 7. a3 Be7 8.
Nf4 dxc4 9. Bxc4 O-O 10. O-O Nc6 11. Be3 Bd6 12. Nh5 Nd5 13. Bxd5 exd5 14.
Nf4 Be6 15. Qf3 Bxf4 16. Qxf4 Rc8 17. Rac1 Na5 18. Nb1 Qb6 19. Bd2 Rxc1 20.
Bxc1 Nc4 21. b4 Qc6 22. h4 Rc8 23. Nd2 Nd6 24. Nf3 f6 25. Be3 Nc4 26. Bc1
h5 27. Re1 Qd7 28. Nd2 Nd6 29. Nf1 Bf7 30. Ng3 Bg6 31. Kh2 Rc3 32. Kg1 b6
33. Nf1 Nc4 34. Ne3 Nxa3 35. Bb2 Rb3 36. Bxa3 Rxa3 37. Rc1 Qe6 38. Qb8+ Kh7
39. Rc8 Be4 40. Re8 Qd7 41. Rd8 Qe6 42. Kh2 Ra2 43. g4 hxg4 44. Rh8+ Kg6
45. h5+ Kg5 46. Kg3 f5 47. Qf4+ Kf6 48. Nxg4+ Ke7 49. Qc7+ Qd7 50. Qe5+ Qe6
1-0

[Event "Aeroflot Open"]
[Site "Moscow RUS"]
[Date "2008.02.20"]
[Round "7"]
[White "Cherniaev,A1"]
[Black "Zhigalko,S"]
[Result "0-1"]
[WhiteElo "2491"]
[BlackElo "2558"]
[EventDate "2008.02.14"]

1. e4 c5 2. c3 Nf6 3. e5 Nd5 4. Nf3 Nc6 5. d4 cxd4 6. cxd4 d6 7. Bc4 Nb6 8.
Bb5 d5 9. Nh4 Bd7 10. Be2 e6 11. g3 Be7 12. Ng2 f6 13. f4 Rc8 14. Nc3 O-O
15. Be3 Kh8 16. exf6 Bxf6 17. b3 Nxd4 18. Bxd4 Rxc3 19. O-O Bxd4+ 20. Qxd4
Qf6 21. Qd2 Rfc8 22. Ne3 Qe7 23. Rac1 Qc5 24. Rxc3 Qxc3 25. Rd1 Kg8 26. Ng4
Kf8 27. Qxc3 Rxc3 28. Bd3 h6 29. Kf2 Be8 30. Ne5 Nd7 31. Nxd7+ Bxd7 32. Ke2
Ke7 33. Kd2 Rc8 34. Re1 Kd6 35. h4 g5 36. hxg5 hxg5 37. Rh1 Rg8 38. Ke3
gxf4+ 39. gxf4 Rg2 40. Ra1 Bc6 41. Kd4 Rg4 42. Ke3 Rg3+ 43. Kd4 Rf3 44. Rc1
Ke7 0-1

[Event "Aeroflot Open"]
[Site "Moscow RUS"]
[Date "2008.02.20"]
[Round "7"]
[White "Olafsson,H1"]
[Black "Pashikian,A"]
[Result "1/2-1/2"]
[WhiteElo "2531"]
[BlackElo "2556"]
[EventDate "2008.02.14"]

1. Nf3 d5 2. d4 Nf6 3. c4 c6 4. e3 a6 5. Qc2 Bg4 6. Nbd2 e6 7. Bd3 Nbd7 8.
b3 Bd6 9. Bb2 Qb8 10. h3 Bh5 11. g4 Bg6 12. e4 dxe4 13. Nxe4 Nxe4 14. Bxe4
Bf4 15. O-O Qc7 16. Rfe1 Nf6 17. Bxg6 hxg6 18. Kg2 O-O 19. Rad1 Rfd8 20.
Bc1 Bxc1 21. Qxc1 b5 22. Qe3 bxc4 23. bxc4 Rab8 24. Rb1 Nd7 25. Qg5 Rxb1
26. Rxb1 c5 27. Rb7 Qc8 28. Qe7 cxd4 29. c5 Qxb7 30. Qxd8+ Kh7 31. Qh4+ Kg8
32. Qd8+ Kh7 33. Qe7 Kg8 1/2-1/2

[Event "Aeroflot Open"]
[Site "Moscow RUS"]
[Date "2008.02.20"]
[Round "7"]
[White "Al Sayed,Mohamad"]
[Black "Andriasian,Z"]
[Result "1/2-1/2"]
[WhiteElo "2486"]
[BlackElo "2532"]
[EventDate "2008.02.14"]

1. d4 d5 2. c4 c6 3. Nf3 Nf6 4. e3 e6 5. Bd3 Nbd7 6. O-O dxc4 7. Bxc4 Bd6
8. Nbd2 O-O 9. b3 e5 10. Bb2 Qe7 11. e4 exd4 12. Nxd4 Nc5 13. Re1 Ng4 14.
e5 Qh4 15. N4f3 Qxf2+ 16. Kh1 Be7 17. Re2 Rd8 18. Qc2 Ne3 19. Qc3 Nxc4 20.
Rxf2 Nxb2 21. Re2 Nbd3 22. Nc4 Ne4 23. Qc2 Bf5 24. Rf1 Bc5 25. Rxe4 Bxe4
26. Qe2 Bf5 27. Nh4 Be6 28. h3 b5 29. Na5 Rd5 30. Nf5 Nxe5 31. Qe4 Rad8 32.
Ne3 Bxe3 33. Qxe3 c5 34. Kh2 h6 35. Rc1 c4 36. Nb7 Rc8 37. Qxa7 Rd7 38. Qa6
Rd2 39. bxc4 bxc4 40. Nd6 Rc6 41. Qa8+ Kh7 42. Ne4 Rb2 43. Nc3 Rd6 44. Qe4+
Ng6 45. Rc2 f5 46. Qe2 Nf4 47. Qf2 Nd3 48. Qe2 Rxc2 49. Qxc2 Bd7 50. Qe2
Rg6 51. g3 Bc6 52. Nd1 f4 53. g4 f3 54. Qe3 Rf6 55. Nf2 Nxf2 56. Qxf2 Be4
57. Kg3 Bg6 58. h4 Kh8 59. g5 Rf7 60. gxh6 c3 61. hxg7+ Kg8 62. h5 Bxh5 63.
Qc5 f2 1/2-1/2

[Event "Aeroflot Open"]
[Site "Moscow RUS"]
[Date "2008.02.20"]
[Round "7"]
[White "Balogh,C"]
[Black "Ionov,S"]
[Result "1/2-1/2"]
[WhiteElo "2575"]
[BlackElo "2546"]
[EventDate "2008.02.14"]

1. e4 e5 2. Nf3 Nc6 3. Bb5 Bc5 4. c3 Nf6 5. O-O O-O 6. d3 Re8 7. Bg5 h6 8.
Bh4 a6 9. Bxc6 dxc6 10. d4 exd4 11. cxd4 Be7 12. Bxf6 Bxf6 13. Nc3 Bg4 14.
e5 Bg5 15. Ne2 Bxf3 16. gxf3 Qd7 17. Kh1 Qh3 18. Qb3 Qf5 19. Rg1 c5 20. f4
Qe4+ 21. f3 Qxe2 22. fxg5 c4 23. Qc3 c5 24. dxc5 Qxe5 25. gxh6 1/2-1/2

[Event "Aeroflot Open"]
[Site "Moscow RUS"]
[Date "2008.02.21"]
[Round "8"]
[White "Volokitin,And"]
[Black "Sutovsky,E"]
[Result "1-0"]
[WhiteElo "2674"]
[BlackElo "2642"]
[EventDate "2008.02.14"]

1. e4 c6 2. d4 d5 3. e5 Bf5 4. Nf3 e6 5. Be2 Nd7 6. O-O Ne7 7. Nh4 Be4 8.
Nd2 c5 9. g3 Qb6 10. dxc5 Qxc5 11. c3 Nc6 12. Nb3 Qb6 13. Be3 Qc7 14. f3
Bg6 15. Nxg6 hxg6 16. f4 g5 17. f5 Ndxe5 18. fxe6 fxe6 19. Nd4 Bc5 20. Kg2
O-O-O 21. Bxg5 Be7 22. Bf4 g5 23. Nxe6 Qd7 24. Bxe5 Nxe5 25. Nxd8 Qh3+ 26.
Kf2 Qxh2+ 27. Ke1 Qxg3+ 28. Kd2 Rh2 29. Kc2 Qe3 30. Re1 Bxd8 31. Qd2 Qe4+
32. Kb3 b5 33. a4 Nf3 34. Qd3 bxa4+ 35. Ka2 Qxd3 36. Bxd3 Nxe1 37. Rxe1 Bf6
38. Ka3 Kd8 39. Re2 Rxe2 40. Bxe2 1-0

[Event "Aeroflot Open"]
[Site "Moscow RUS"]
[Date "2008.02.21"]
[Round "8"]
[White "Bologan,V"]
[Black "Grachev,B"]
[Result "1/2-1/2"]
[WhiteElo "2663"]
[BlackElo "2601"]
[EventDate "2008.02.14"]

1. d4 d5 2. c4 e6 3. Nf3 Nf6 4. Bg5 Nbd7 5. cxd5 exd5 6. Nc3 c6 7. e3 Be7
8. Qc2 Nh5 9. Bxe7 Qxe7 10. O-O-O Nb6 11. Kb1 Be6 12. Bd3 Nf6 13. h3 O-O-O
14. Nd2 Ne8 15. Rhe1 Nd6 16. f3 Qf6 17. Nb3 Kb8 18. Nc5 Rhe8 19. Qf2 Bf5
20. g4 Bxd3+ 21. Nxd3 Nbc4 22. e4 dxe4 23. fxe4 Qxf2 24. Nxf2 f6 25. Nh1
Nf7 26. b3 Ncd6 27. h4 Rd7 28. Ng3 Rde7 29. Rf1 Nb5 30. Nxb5 cxb5 31. g5
fxg5 32. e5 g6 33. h5 Rd8 34. hxg6 hxg6 35. Rh1 g4 36. Ne4 g3 37. Nxg3 Ng5
38. Rhe1 Nf3 39. Re4 Rxe5 40. dxe5 Rxd1+ 41. Kc2 Rd7 42. e6 Re7 43. Ne2 Ng5
44. Rg4 Rxe6 45. Nf4 Rc6+ 46. Kb2 Ne6 47. Nxg6 Nc5 48. Nf4 a6 49. Rg2 Rd6
50. Rc2 Nd7 51. Ne2 Ne5 52. Nc1 Nc6 53. a3 b4 54. axb4 Nxb4 55. Rh2 Ka7 56.
Rg2 Rh6 57. Rd2 Rh3 58. Rg2 Nc6 59. Rd2 Ne5 60. Re2 Nd7 61. Rc2 Kb6 62. Rc3
Rh4 63. Nd3 Nf6 64. Ne5 Nd5 65. Nd7+ Ka7 66. Rc2 Nb4 67. Rd2 Rh5 68. Nf6
Rh3 69. Nd5 Nd3+ 70. Kc2 Nc5 71. b4 Ne4 72. Rd3 Rh2+ 73. Kb3 Nd6 74. Nb6
Nb5 75. Nc8+ Kb8 76. Nd6 Nc7 77. Ne8 Ne6 78. Nf6 Rh4 79. Kc3 Nc7 80. Nd7+
Ka7 81. Ne5 Re4 82. Nf3 Rg4 83. Nd4 Rf4 84. Kb3 Kb6 85. Ne2 Rg4 86. Nc3 Kc6
87. Re3 Rh4 88. Ka3 Rh6 89. Kb3 Ne6 90. Re4 Kd6 91. Ne2 Rh3+ 92. Kc2 Rh2
93. Kd3 Nc7 94. Rd4+ Kc6 95. Rc4+ Kb6 96. Nc3 Nb5 97. Nd5+ Ka7 98. Rg4 Rh5
99. Ne3 Rh3 100. Kd2 Nd6 101. Rd4 Nc8 102. Nd5 Nb6 103. Nc3 Kb8 104. Kc2
Nc8 105. Kb2 b5 106. Ne4 Rh4 107. Kc3 Ne7 108. Nc5 Rxd4 109. Kxd4 Nc6+ 110.
Kc3 Ka7 111. Kb3 Ne7 112. Kc3 Nd5+ 113. Kb3 Kb6 114. Nd7+ Kc6 115. Nb8+ Kb7
116. Nd7 Nc7 117. Ne5 Ne6 118. Kc3 Kc7 119. Kd3 Kd6 120. Ke4 Nd8 121. Kd4
Ne6+ 122. Ke4 Nc7 123. Kd4 Ne8 124. Nf7+ Kc7 125. Ne5 Nf6 126. Nd3 Nd7 127.
Nc5 Nb8 128. Kd5 Kb6 129. Nd3 Nc6 130. Kd6 Nd4 131. Kd5 Nc2 132. Kd6 a5
133. bxa5+ Kxa5 134. Kc5 Ne3 135. Kd4 Nd1 136. Ne5 Ka4 137. Nc6 Nf2 138.
Ke3 Ng4+ 139. Kd2 Nf6 140. Kc2 Ka3 141. Kb1 Ne4 142. Nd4 Nc3+ 143. Ka1 b4
144. Nc2+ Kb3 145. Nxb4 Kxb4 1/2-1/2

[Event "Aeroflot Open"]
[Site "Moscow RUS"]
[Date "2008.02.21"]
[Round "8"]
[White "Jobava,Ba"]
[Black "Nguyen Ngoc Truong Son"]
[Result "1/2-1/2"]
[WhiteElo "2643"]
[BlackElo "2551"]
[EventDate "2008.02.14"]

1. e4 e5 2. Nf3 Nc6 3. Bb5 a6 4. Ba4 Nf6 5. O-O b5 6. Bb3 Bc5 7. c3 d6 8.
d4 Bb6 9. Be3 Bg4 10. Nbd2 O-O 11. h3 Bh5 12. Bg5 Na5 13. g4 Nxb3 14. axb3
Bg6 15. dxe5 dxe5 16. Nxe5 Re8 17. Nxg6 hxg6 18. Qf3 Qd6 19. Bf4 Qe6 20.
Rfe1 Rad8 21. e5 Nd5 22. Bg3 Nb4 23. Re2 Nd3 24. Kg2 a5 25. c4 a4 26. cxb5
axb3 27. Qc6 Qxc6+ 28. bxc6 Nxb2 29. Nxb3 Nd3 30. Rd2 Nb4 31. Rxd8 Rxd8 32.
Rc1 Rd5 33. Rc4 Nd3 34. f4 g5 35. fxg5 Nxe5 36. Rc2 Ng6 37. h4 Ne7 38. Nc1
Rd4 39. Kf3 Nd5 40. Be5 Rd1 41. Ne2 f6 42. gxf6 gxf6 43. Bf4 Kf7 44. h5 Ne7
45. Rc4 Rf1+ 46. Kg3 Re1 47. Kf3 Rf1+ 48. Ke4 Rh1 49. Ng3 Re1+ 50. Kf3 Re6
51. h6 Rxc6 52. Re4 Rc3+ 53. Ke2 Nd5 54. Nf5 Rh3 55. Bd2 Rh2+ 56. Kd3 Rh3+
57. Kc4 c6 58. Nd6+ Kg6 59. Re8 Be3 60. Rg8+ Kxh6 61. Nf7+ Kh7 62. Rh8+ Kg6
63. Rxh3 Bxd2 64. Nd8 Bg5 65. Nxc6 Ne3+ 66. Kc5 Nxg4 67. Ne7+ Kf7 68. Nd5
Nh6 69. Rf3 Kg6 70. Ne7+ Kf7 71. Kd6 Bd2 72. Nc6 f5 73. Ke5 Bc1 74. Rb3 Kg6
75. Ke6 Kg5 76. Rf3 f4 77. Rf1 Be3 78. Ne5 Nf5 79. Rb1 Nd4+ 80. Kd5 Kh4 81.
Ke4 Kg3 82. Rb6 Ne2 83. Rg6+ Kf2 84. Ng4+ Kf1 85. Rg8 Ng1 86. Ra8 Nh3 87.
Ra2 Ng5+ 88. Kd3 Nf3 89. Rb2 Bd4 90. Rb5 Kg2 91. Nh6 Be3 92. Rb8 Kf1 93.
Rb2 Kg1 94. Nf5 Kf1 95. Ra2 Ne5+ 96. Ke4 Nc4 97. Ra4 Nd2+ 98. Kd3 Nf3 99.
Nd6 Nd2 100. Ra2 Kg1 101. Ke2 f3+ 102. Kxe3 f2 103. Ra1+ f1=Q 104. Rxf1+
1/2-1/2

[Event "Aeroflot Open"]
[Site "Moscow RUS"]
[Date "2008.02.21"]
[Round "8"]
[White "Azarov,S"]
[Black "Evdokimov,Alexa"]
[Result "1/2-1/2"]
[WhiteElo "2594"]
[BlackElo "2569"]
[EventDate "2008.02.14"]

1. e4 c5 2. Nf3 d6 3. d4 cxd4 4. Nxd4 Nf6 5. Nc3 Nc6 6. Bc4 Qb6 7. Nxc6
bxc6 8. O-O e6 9. Qe2 Be7 10. b3 O-O 11. Bb2 e5 12. Na4 Qc7 13. Rad1 Bg4
14. f3 Bd7 15. Kh1 1/2-1/2

[Event "Aeroflot Open"]
[Site "Moscow RUS"]
[Date "2008.02.21"]
[Round "8"]
[White "Frolyanov,D"]
[Black "Grigoriants,S RUS"]
[Result "1/2-1/2"]
[WhiteElo "2544"]
[BlackElo "2583"]
[EventDate "2008.02.14"]

1. d4 d5 2. c4 c6 3. Nf3 Nf6 4. Nc3 dxc4 5. a4 Bf5 6. Ne5 Nbd7 7. Nxc4 Nb6
8. Ne5 a5 9. g3 e6 10. Bg2 Bb4 11. O-O O-O 12. Bf4 Nfd5 13. Bd2 Nf6 14. Bf4
Nfd5 15. Bd2 Nf6 16. Bf4 1/2-1/2

[Event "Aeroflot Open"]
[Site "Moscow RUS"]
[Date "2008.02.21"]
[Round "8"]
[White "Mamedov,Rau"]
[Black "Feller,S"]
[Result "1-0"]
[WhiteElo "2583"]
[BlackElo "2522"]
[EventDate "2008.02.14"]

1. e4 e6 2. d4 d5 3. Nd2 dxe4 4. Nxe4 Nd7 5. c4 Ngf6 6. Nc3 c5 7. Nf3 cxd4
8. Nxd4 Bb4 9. Be2 O-O 10. O-O e5 11. Nb3 Nb6 12. Nb5 Bd7 13. c5 Na4 14.
Be3 Ng4 15. Bxg4 Bxb5 16. Qxd8 Raxd8 17. a3 f5 18. Rfc1 fxg4 19. axb4 Nxb2
20. Rxa7 Nd3 21. Rb1 Nxb4 22. Nd2 Nd5 23. Rxb5 Nxe3 24. Rbxb7 Nf5 25. Rd7
Rxd7 26. Rxd7 Nd4 27. Nc4 Ra8 28. h3 gxh3 29. gxh3 Nc6 30. Rc7 Ra6 31. Rc8+
Kf7 32. Rxc6 1-0

[Event "Aeroflot Open"]
[Site "Moscow RUS"]
[Date "2008.02.21"]
[Round "8"]
[White "Dyachkov,S"]
[Black "Riazantsev,A"]
[Result "1/2-1/2"]
[WhiteElo "2559"]
[BlackElo "2628"]
[EventDate "2008.02.14"]

1. d4 Nf6 2. c4 e6 3. g3 d5 4. Bg2 dxc4 5. Nf3 a6 6. O-O Nc6 7. e3 Bd7 8.
Nc3 Nd5 9. Nd2 Nxc3 10. bxc3 Na5 11. Qh5 c6 12. Rd1 Be7 13. e4 O-O 14. e5
c5 15. Ne4 Ba4 16. Rd2 Bc6 17. dxc5 Qc7 18. Rd6 Bxe4 19. Bxe4 g6 20. Qh6
Qxc5 21. Be3 Qxe5 22. Bd4 Bxd6 23. Bxe5 Bxe5 24. Qe3 Bf6 25. Qb6 Bxc3 26.
Rc1 Bd2 27. Rc2 Rad8 28. Kf1 Nc6 29. Rxc4 Bg5 30. Bxc6 bxc6 31. Qxc6 Bf6
32. Ra4 Rd2 33. Rf4 Be5 34. Re4 Rd6 35. Qc5 Rd5 36. Qc6 a5 37. Kg2 Rfd8 38.
Qb6 Bd4 39. Qb3 Rf5 40. Re2 Bf6 41. Rc2 h5 42. h4 Kg7 43. Qb7 Rdd5 44. Qa8
Rc5 45. Rxc5 Rxc5 46. Qe4 Re5 47. Qc4 Rd5 48. Qa4 Be5 49. Kf1 Bf6 50. Kg2
Rf5 51. Kf1 Be7 52. Ke2 Bb4 53. Qb3 Kg8 54. Qc4 Bc5 55. f3 Re5+ 56. Kf1 Rd5
57. Ke2 Bd6 58. g4 Be7 59. g5 Re5+ 60. Kf1 Rc5 61. Qd3 Rd5 62. Qc4 Bf8 63.
Ke2 Re5+ 64. Kf2 Rc5 65. Qa4 Rd5 66. Qc4 Rd2+ 67. Kf1 Bg7 68. Qc8+ Bf8 69.
Qc4 Rd1+ 70. Ke2 Rd8 71. Qc7 Rd5 72. Qc4 Rf5 73. Qd4 Bb4 74. Qd8+ Kh7 75.
Qd4 Bc5 76. Qd7 Ba3 77. Qa7 Bd6 78. Qd4 Bg3 79. Qa4 Kg8 80. Qe8+ Kg7 81.
Qa4 Kh7 82. Ke3 Bd6 83. Ke2 Bb4 84. Qd7 Bc5 85. Qa4 Re5+ 86. Kf1 Bb4 87.
Qd7 Kg8 88. Qd8+ Bf8 89. Qd4 Rf5 90. Ke2 Rb5 91. Qa4 Rc5 92. Kf1 Re5 93.
Qc4 Re3 94. Kf2 Ra3 95. Ke2 Bb4 96. Qc8+ Kg7 97. Qc4 Kg8 98. Qc8+ Kh7 99.
Qc4 Rc3 100. Qe4 Rc5 101. Kf1 Rf5 102. Kg2 Bd6 103. Qa4 Bb4 104. Qd7 Kg8
105. Qd8+ Bf8 106. Qd4 Rd5 107. Qc4 Bb4 108. Qc8+ Kg7 1/2-1/2

[Event "Aeroflot Open"]
[Site "Moscow RUS"]
[Date "2008.02.21"]
[Round "8"]
[White "Lysyj,I"]
[Black "Bindrich,F"]
[Result "1/2-1/2"]
[WhiteElo "2593"]
[BlackElo "2497"]
[EventDate "2008.02.14"]

1. d4 d5 2. c4 c6 3. Nf3 Nf6 4. e3 Bg4 5. Nc3 e6 6. h3 Bxf3 7. Qxf3 Nbd7 8.
Bd2 Bb4 9. Bd3 O-O 10. a3 Ba5 11. cxd5 cxd5 12. O-O e5 13. Qf5 Re8 14. Rfd1
g6 15. Qg5 exd4 16. exd4 Bxc3 17. Bxc3 Nb6 18. Ba5 Qd6 19. Bb4 Qe6 20. Re1
Ne4 21. Qf4 a5 22. Bc5 Qc6 23. Rac1 Nxc5 24. Rxe8+ Rxe8 25. Rxc5 Qe6 26.
Kh2 a4 27. g4 Nc4 28. Bxc4 dxc4 29. Re5 Qd7 30. Rxe8+ Qxe8 31. d5 Qe2 32.
d6 Qd3 33. Qf6 Qd2 34. h4 Qd5 35. Kg3 Qd3+ 36. Kh2 Qd5 37. Qe7 Qd4 38. Kg3
Qd3+ 39. f3 Qd4 40. d7 Qg1+ 41. Kf4 Qd4+ 42. Kg3 1/2-1/2

[Event "Aeroflot Open"]
[Site "Moscow RUS"]
[Date "2008.02.21"]
[Round "8"]
[White "Khismatullin,D"]
[Black "Iordachescu,V"]
[Result "1/2-1/2"]
[WhiteElo "2564"]
[BlackElo "2586"]
[EventDate "2008.02.14"]

1. c4 e5 2. Nc3 Nf6 3. g3 Bb4 4. Bg2 Bxc3 5. bxc3 O-O 6. d3 Re8 7. Nh3 c6
8. O-O h6 9. f4 e4 10. Nf2 Qb6 11. dxe4 Nxe4 12. Qd4 d5 13. cxd5 Qxd4 14.
cxd4 cxd5 15. Nxe4 dxe4 16. d5 Nd7 17. Rd1 Nb6 18. Be3 Nc4 19. Kf2 Bd7 20.
d6 f5 21. g4 g6 22. gxf5 gxf5 23. Rac1 Rec8 24. Bd4 Kf7 25. Rc3 Rc6 26. Rg3
Rg8 27. Rxg8 Kxg8 28. Rg1 Kf7 29. e3 Nxd6 30. Bf1 Rc2+ 31. Ke1 Ne8 32. Bxa7
Be6 33. a3 Ra2 34. Bd4 Nf6 35. Rg2 Rxa3 36. Rb2 Rb3 37. Rxb3 Bxb3 38. h3
Ne8 1/2-1/2

[Event "Aeroflot Open"]
[Site "Moscow RUS"]
[Date "2008.02.21"]
[Round "8"]
[White "Kotanjian,T"]
[Black "Jussupow,Ar"]
[Result "1-0"]
[WhiteElo "2545"]
[BlackElo "2585"]
[EventDate "2008.02.14"]

1. d4 Nf6 2. c4 e6 3. Nc3 Bb4 4. Qc2 d5 5. cxd5 Qxd5 6. Nf3 Qf5 7. Qb3 Nc6
8. e3 O-O 9. Bd2 Rd8 10. Rd1 Bd7 11. Be2 Bf8 12. a3 e5 13. d5 Na5 14. Qa2
b6 15. h3 Re8 16. b4 Nb7 17. g4 Qg6 18. g5 Ne4 19. Nxe4 Qxe4 20. Bc3 Nd6
21. Bxe5 Rxe5 22. Rd4 Qf5 23. Rf4 Qxf4 24. exf4 Re4 25. Kf1 Rxf4 26. Qd2
Rf5 27. Kg2 Ne4 28. Qc1 Bd6 29. Bd3 Rf4 30. Bxe4 Rxe4 31. Re1 Rxe1 32. Qxe1
a5 33. Ne5 axb4 34. axb4 Re8 35. f4 Bc8 36. Qc3 Bb7 37. Qc4 Ra8 38. h4 Kf8
39. Qe4 Rd8 40. Qxh7 Bxe5 41. fxe5 g6 42. Kg1 Bxd5 43. h5 gxh5 44. g6 fxg6
45. Qxc7 Ke8 46. Qxb6 g5 47. b5 g4 48. Qf6 Kd7 49. Kf2 Be6 50. Qg7+ Kc8 51.
Qe7 g3+ 52. Kxg3 Bg4 53. Qc5+ Kb8 54. Qb6+ Kc8 55. Qc6+ Kb8 56. e6 1-0

[Event "Aeroflot Open"]
[Site "Moscow RUS"]
[Date "2008.02.21"]
[Round "8"]
[White "Laznicka,V"]
[Black "Volkov,Sergey1"]
[Result "0-1"]
[WhiteElo "2595"]
[BlackElo "2623"]
[EventDate "2008.02.14"]

1. d4 d5 2. c4 c6 3. Nf3 Nf6 4. Nc3 a6 5. c5 Nbd7 6. Bf4 Nh5 7. Bd2 Nhf6 8.
h3 Ne4 9. Bf4 b6 10. cxb6 Qxb6 11. Qb3 e6 12. Nxe4 Qxb3 13. axb3 dxe4 14.
Nd2 Bb4 15. O-O-O f5 16. Nc4 a5 17. e3 Ba6 18. Kb1 Ke7 19. g4 g6 20. Rg1
Bb5 21. Rc1 a4 22. Ne5 Nxe5 23. Bxe5 Rhc8 24. bxa4 Bxa4 25. h4 Bd2 26. Rc5
fxg4 27. Rxg4 Rf8 28. Bf4 Bb4 29. Rc1 Bd2 30. Rc5 Bb4 31. Rc1 Bd6 32. Bxd6+
Kxd6 33. Bc4 Rxf2 34. Rxe4 Rb8 35. Rxe6+ Kd7 36. Re5 Rbxb2+ 37. Ka1 Bb5 38.
d5 Bxc4 39. Rxc4 c5 40. e4 Ra2+ 41. Kb1 Rfb2+ 42. Kc1 Rh2 43. Kb1 Rab2+ 44.
Ka1 Rbe2 45. Kb1 Rh1+ 46. Rc1 Rxh4 47. Rc4 Rf4 48. Re6 Rg4 49. Rxc5 Rgxe4
50. Rf6 Rb4+ 51. Kc1 Rh4 52. Rf1 Kd6 53. Ra5 Rc4+ 54. Kd1 Re7 55. Rf8 Rd7
56. Ke2 Rc5 57. Ra6+ Kxd5 58. Kf3 Rc6 59. Ra1 Re7 60. Rh1 Ke6 61. Kf4 Rc5
62. Re1+ Kd7 63. Rd1+ Kc7 64. Rh1 Rd5 65. Rh2 Kd7 66. Rh6 Ke6 67. Rh8 Rdd7
68. Kg5 Rd5+ 69. Kg4 Rdd7 70. Kg5 Rf7 71. Rh1 Rf5+ 72. Kh6 Rdd5 73. Kxh7
Kf7 0-1